000 00335nam a2200133Ia 4500
008 151001s9999||||xx |||||||||||||| ||und||
100 _aदुर्गा - भागवत
245 _aनिसर्गोत्सव
250 _a1
260 _bदिलीप
260 _c1996
300 _a127
365 _b21
999 _c973509
_d973506